| 000 | 004360000a22001690004500 | ||
|---|---|---|---|
| 003 | MACL | ||
| 005 | 20160110123539.0 | ||
| 008 | 160110b xxu||||| |||| 00| 0 eng d | ||
| 040 |
_aMACL _cMACL |
||
| 041 | _aEnglish | ||
| 082 | _a711.5524/DEE | ||
| 100 |
_aDeepak, Kumar _94606 |
||
| 245 | _aFor Planning an Industry | ||
| 260 |
_bM P Audyoik Vikas nigam _c1966 _aBombay |
||
| 650 |
_aInscapeant _930821 |
||
| 942 |
_cBK _k711.552/Dee _2ddc |
||
| 999 |
_c36075 _d36075 |
||